000
00280nam a22001337a 4500
008
170522b xxu||||| |||| 00| 0 eng d
020
_a
9781400062300
041
_a
eng
080
_a
94
100
_a
16
101
_a
SHH
245
_a
INFIDESLS
_c
WHEATCROFT.A
942
_2
udc
_c
BK
999
_c
13737
_d
13737